Normal view
MARC view
- Chen, Yangquan , Wen, Changyun , Thoma , M
Entry Personal Name
001 - CONTROL NUMBER
- control field: 63886
003 - CONTROL NUMBER IDENTIFIER
- control field: NUST
005 - DATE AND TIME OF LATEST TRANSACTION
- control field: 20210628203206.0
008 - FIXED-LENGTH DATA ELEMENTS
- fixed length control field: 210628|| aca||aabn | a|a d
040 ## - CATALOGING SOURCE
- Original cataloging agency: NUST
- Transcribing agency: NUST
100 ## - HEADING--PERSONAL NAME
- Personal name: Chen, Yangquan , Wen, Changyun , Thoma , M
670 ## - SOURCE DATA FOUND
- Source citation: Work cat.: (NUST): Chen, Yangquan , Wen, Changyun , Thoma , M, Iterative learning control , convergence, robustness and applications, lecture notes in control and information sciences 248., 1999
